La propiedad. (Record no. 37484)

MARC details
000 -LEADER
fixed length control field 00512cam a2200193 4500
001 - CONTROL NUMBER
control field ltf91021321
003 - CONTROL NUMBER IDENTIFIER
control field DLC
005 - DATE AND TIME OF LATEST TRANSACTION
control field 20260227111552.0
008 - FIXED-LENGTH DATA ELEMENTS--GENERAL INFORMATION
fixed length control field 910213s1924 ec 000 0 spa
010 ## - LIBRARY OF CONGRESS CONTROL NUMBER
LC control number ltf91021321
040 ## - CATALOGING SOURCE
Original cataloging agency DLC
Transcribing agency DLC
Modifying agency DLC
050 00 - LIBRARY OF CONGRESS CALL NUMBER
Classification number F3723
Item number .H66 1924
100 1# - MAIN ENTRY--PERSONAL NAME
Personal name Honorato Peralta, Juan.
245 13 - TITLE STATEMENT
Title La propiedad.
260 ## - PUBLICATION, DISTRIBUTION, ETC.
Place of publication, distribution, etc. Guyaquil,
Name of publisher, distributor, etc. Librería y Impr. La Reforma,
Date of publication, distribution, etc. 1924.
300 ## - PHYSICAL DESCRIPTION
Extent 168 p. ;
Dimensions 19 cm.
650 #0 - SUBJECT ADDED ENTRY--TOPICAL TERM
Topical term or geographic name entry element Property
General subdivision History.
650 #0 - SUBJECT ADDED ENTRY--TOPICAL TERM
Topical term or geographic name entry element Property and socialism.

No items available.

Powered by Koha